Theoretical evaluation of the threshold of sensitivity of thermal NDT; The Soviet journal of nondestructive testing; Vol. 19, iss. 5
| Parent link: | The Soviet journal of nondestructive testing.— , 1965- Vol. 19, iss. 5.— 1983.— P. 369-372 |
|---|---|
| Հիմնական հեղինակ: | |
| Այլ հեղինակներ: | |
| Ամփոփում: | The article suggests a method of calculating the generalized dimensionless parameters of thermal NDT in heating with a distributed heat flux. The method makes it possible to determine the theoretical possibilities of thermal NDT as regards the depth of flaws. В фонде НТБ ТПУ отсутствует |
| Լեզու: | անգլերեն |
| Հրապարակվել է: |
1983
|
| Խորագրեր: | |
| Ձևաչափ: | Գրքի գլուխ |
| KOHA link: | https://koha.lib.tpu.ru/cgi-bin/koha/opac-detail.pl?biblionumber=601425 |
MARC
| LEADER | 00000naa0a2200000 4500 | ||
|---|---|---|---|
| 001 | 601425 | ||
| 005 | 20250217095154.0 | ||
| 035 | |a (RuTPU)RU\TPU\tpu\26229 | ||
| 035 | |a RU\TPU\tpu\26222 | ||
| 090 | |a 601425 | ||
| 100 | |a 20141203d1983 k||y0rusy50 ba | ||
| 101 | 0 | |a eng | |
| 102 | |a RU | ||
| 200 | 1 | |a Theoretical evaluation of the threshold of sensitivity of thermal NDT |f V. P. Vavilov, S. V. Finkel'shtein | |
| 330 | |a The article suggests a method of calculating the generalized dimensionless parameters of thermal NDT in heating with a distributed heat flux. The method makes it possible to determine the theoretical possibilities of thermal NDT as regards the depth of flaws. | ||
| 333 | |a В фонде НТБ ТПУ отсутствует | ||
| 461 | |t The Soviet journal of nondestructive testing |d 1965- | ||
| 463 | |t Vol. 19, iss. 5 |v P. 369-372 |d 1983 | ||
| 610 | 1 | |a труды учёных ТПУ | |
| 700 | 1 | |a Vavilov |b V. P. |c Specialist in the field of dosimetry and methodology of nondestructive testing (NDT) |c Doctor of technical sciences (DSc), Professor of Tomsk Polytechnic University (TPU) |f 1949- |g Vladimir Platonovich |3 (RuTPU)RU\TPU\pers\32161 |9 16163 | |
| 701 | 1 | |a Finkel'shtein |b S. V. | |
| 801 | 1 | |a RU |b 63413507 |c 20121002 | |
| 801 | 2 | |a RU |b 63413507 |c 20141203 |g RCR | |
| 942 | |c CR | ||